Fundamentals of molecular symmetry / (Record no. 29229)
[ view plain ]
| 000 -LEADER | |
|---|---|
| fixed length control field | 00658 a2200205 4500 |
| 020 ## - INTERNATIONAL STANDARD BOOK NUMBER | |
| International Standard Book Number | 0750309415 |
| 020 ## - INTERNATIONAL STANDARD BOOK NUMBER | |
| International Standard Book Number | 9780750309417 |
| 082 04 - DEWEY DECIMAL CLASSIFICATION NUMBER | |
| Classification number | 541.22 |
| 090 ## - LOCALLY ASSIGNED LC-TYPE CALL NUMBER (OCLC); LOCAL CALL NUMBER (RLIN) | |
| -- | 599 |
| -- | 599 |
| 100 1# - MAIN ENTRY--PERSONAL NAME | |
| Personal name | Bunker, P.R. |
| 245 10 - TITLE STATEMENT | |
| Title | Fundamentals of molecular symmetry / |
| Statement of responsibility, etc. | P.R. Bunker, P. Jensen. |
| 250 ## - EDITION STATEMENT | |
| Edition statement | 1st ed. |
| 260 ## - PUBLICATION, DISTRIBUTION, ETC. | |
| Place of publication, distribution, etc. | [S.l.] : |
| Name of publisher, distributor, etc. | Taylor & Francis, |
| Date of publication, distribution, etc. | 2005 |
| 300 ## - PHYSICAL DESCRIPTION | |
| Extent | 358 p. ; |
| Dimensions | 24 cm. |
| 490 1# - SERIES STATEMENT | |
| Series statement | Series in chemical physics. |
| 700 1# - ADDED ENTRY--PERSONAL NAME | |
| Personal name | Jensen, P. |
| 830 #0 - SERIES ADDED ENTRY--UNIFORM TITLE | |
| Uniform title | Series in chemical physics. |
| 942 ## - ADDED ENTRY ELEMENTS (KOHA) | |
| Institution code [OBSOLETE] | SNS |
| Koha item type | Book |
| Call number prefix | 541.22 BUN |
| Withdrawn status | Lost status | Damaged status | Not for loan | Permanent Location | Current Location | Date acquired | Total Checkouts | Full call number | Barcode | Date last seen | Date last checked out | Price effective from | Koha item type |
|---|---|---|---|---|---|---|---|---|---|---|---|---|---|
| School of Natural Sciences (SNS) | School of Natural Sciences (SNS) | 05/26/2016 | 1 | 541.22 BUN | SNS0000751 | 01/22/2026 | 09/11/2025 | 05/26/2016 | Book |
